<?xml version="1.0" encoding="UTF-8"?>
<record
    xmlns:xsi="http://www.w3.org/2001/XMLSchema-instance"
    xsi:schemaLocation="http://www.loc.gov/MARC21/slim http://www.loc.gov/standards/marcxml/schema/MARC21slim.xsd"
    xmlns="http://www.loc.gov/MARC21/slim">

  <leader>00832nam a2200145   4500</leader>
  <controlfield tag="003">LK-CoMWRAF</controlfield>
  <controlfield tag="005">20240212095623.0</controlfield>
  <controlfield tag="008">231215b2009    |||||||| |||| 00| 0 eng d</controlfield>
  <datafield tag="040" ind1=" " ind2=" ">
    <subfield code="a">LK-CoMWRAF</subfield>
    <subfield code="d">LK-CoMWRAF</subfield>
    <subfield code="e">LK-CoMWRAF</subfield>
  </datafield>
  <datafield tag="041" ind1=" " ind2=" ">
    <subfield code="a">eng</subfield>
    <subfield code="a">sin</subfield>
    <subfield code="a">tam</subfield>
  </datafield>
  <datafield tag="082" ind1=" " ind2=" ">
    <subfield code="a">305.42</subfield>
    <subfield code="b">PRO</subfield>
  </datafield>
  <datafield tag="245" ind1=" " ind2=" ">
    <subfield code="a">A Programming framework to address gender-based violence = &#xDC3;&#xDCA;&#xDAD;&#xDCA;&#x200D;&#xDBB;&#xDD3; &#xDB4;&#xDD4;&#xDBB;&#xDD4;&#xDC2; &#xDC3;&#xDB8;&#xDCF;&#xDA2;&#xDB7;&#xDCF;&#xDC0;&#xDBA; &#xDB4;&#xDAF;&#xDB1;&#xDB8;&#xDCA; &#xD9A;&#xDBB;&#xD9C;&#xDAD;&#xDCA; &#xDB4;&#xDCA;&#x200D;&#xDBB;&#xDA0;&#xDAB;&#xDCA;&#xDA9;&#xDAD;&#xDCA;&#xDC0;&#xDBA; &#xD87;&#xDB8;&#xDAD;&#xDD3;&#xDB8; &#xDC3;&#xDB3;&#xDC4;&#xDCF; &#xDC0;&#xDB1; &#xDC0;&#xDD0;&#xDA9;&#xDC3;&#xDA7;&#xDC4;&#xDB1;&#xDCA; &#xDB4;&#xDCA;&#x200D;&#xDBB;&#xDC0;&#xDDA;&#xDC1;&#xDBA; = &#xBAA;&#xBBE;&#xBB2;&#xBBF;&#xBA9; &#xB85;&#xB9F;&#xBBF;&#xBAA;&#xBCD;&#xBAA;&#xB9F;&#xBC8;&#xBAF;&#xBBF;&#xBB2;&#xBBE;&#xBA9; &#xBB5;&#xBA9;&#xBCD;&#xBAE;&#xBC1;&#xBB1;&#xBC8;&#xBAF;&#xBC8;&#xBA4;&#xBCD; &#xBA4;&#xBC0;&#xBB0;&#xBCD;&#xBAA;&#xBCD;&#xBAA;&#xBA4;&#xBB1;&#xBCD;&#xB95;&#xBBE;&#xBA9; &#xB92;&#xBB0;&#xBC1; &#xBA8;&#xBBF;&#xBB0;&#xBB2;&#xBBE;&#xB95;&#xBCD;&#xB95; &#xB95;&#xB9F;&#xBCD;&#xB9F;&#xBAE;&#xBC8;&#xBAA;&#xBCD;&#xBAA;&#xBC1; </subfield>
  </datafield>
  <datafield tag="260" ind1=" " ind2=" ">
    <subfield code="a">Colombo:</subfield>
    <subfield code="b">Women defining peace,</subfield>
    <subfield code="c">2009</subfield>
  </datafield>
  <datafield tag="942" ind1=" " ind2=" ">
    <subfield code="c">BK</subfield>
  </datafield>
  <datafield tag="952" ind1=" " ind2=" ">
    <subfield code="0">0</subfield>
    <subfield code="1">0</subfield>
    <subfield code="4">0</subfield>
    <subfield code="7">0</subfield>
    <subfield code="a">MAIN</subfield>
    <subfield code="b">MAIN</subfield>
    <subfield code="d">2023-12-15</subfield>
    <subfield code="l">0</subfield>
    <subfield code="o">305.42 PRO</subfield>
    <subfield code="p">RAF4876</subfield>
    <subfield code="r">2023-12-15</subfield>
    <subfield code="w">2023-12-15</subfield>
    <subfield code="y">BK</subfield>
  </datafield>
  <datafield tag="952" ind1=" " ind2=" ">
    <subfield code="0">0</subfield>
    <subfield code="1">0</subfield>
    <subfield code="4">0</subfield>
    <subfield code="7">0</subfield>
    <subfield code="a">MAIN</subfield>
    <subfield code="b">MAIN</subfield>
    <subfield code="d">2023-12-15</subfield>
    <subfield code="l">0</subfield>
    <subfield code="o">305.42 PRO</subfield>
    <subfield code="p">RAF4877</subfield>
    <subfield code="r">2023-12-15</subfield>
    <subfield code="w">2023-12-15</subfield>
    <subfield code="y">BK</subfield>
  </datafield>
  <datafield tag="952" ind1=" " ind2=" ">
    <subfield code="0">0</subfield>
    <subfield code="1">0</subfield>
    <subfield code="4">0</subfield>
    <subfield code="7">0</subfield>
    <subfield code="a">MAIN</subfield>
    <subfield code="b">MAIN</subfield>
    <subfield code="d">2024-01-26</subfield>
    <subfield code="l">0</subfield>
    <subfield code="o">305.42 PRO</subfield>
    <subfield code="p">RAF5000</subfield>
    <subfield code="r">2024-01-26</subfield>
    <subfield code="w">2024-01-26</subfield>
    <subfield code="y">BK</subfield>
  </datafield>
  <datafield tag="999" ind1=" " ind2=" ">
    <subfield code="c">4488</subfield>
    <subfield code="d">4488</subfield>
  </datafield>
</record>
